Người của biển
Shranjeno v:
| Glavni avtor: | |
|---|---|
| Format: | Knjiga |
| Jezik: | Undetermined |
| Izdano: |
H.
QĐND
2003
|
| Teme: | |
| Oznake: |
Označite
Brez oznak, prvi označite!
|
| Thư viện lưu trữ: | Trung tâm Học liệu Trường Đại học Cần Thơ |
|---|
| LEADER | 00475nam a2200193Ia 4500 | ||
|---|---|---|---|
| 001 | CTU_58937 | ||
| 008 | 210402s9999 xx 000 0 und d | ||
| 020 | |b 65000 | ||
| 082 | |a 895.92234 | ||
| 082 | |b Đ312 | ||
| 100 | |a Đình Kính | ||
| 245 | 0 | |a Người của biển | |
| 260 | |a H. | ||
| 260 | |b QĐND | ||
| 260 | |c 2003 | ||
| 650 | |a vietnamese fiction | ||
| 650 | |y 21st century | ||
| 904 | |i Minh | ||
| 980 | |a Trung tâm Học liệu Trường Đại học Cần Thơ | ||